|
|
|
|
| LEADER |
00000ny a22000003n 4500 |
| 005 |
20110621104120.0 |
| 008 |
090313s2009 sp 0 0 spa d |
| 020 |
|
|
|a 9788498493887
|
| 035 |
|
|
|a 4790
|
| 040 |
|
|
|a BUS
|d vLex
|
| 080 |
|
|
|a 347.4(460)
|
| 090 |
|
|
|c 906
|d 906
|
| 245 |
0 |
0 |
|a Obligaciones y contratos
|h [Recurso electrn̤ico]
|b casos interdisciplinares : (Derecho Civil, Mercantil, Internacional Privado y Procesal) /
|c Fernando Gascn̤ Inchausti (coord.) ; Alicia Real Přez ... [et al.]
|
| 256 |
|
|
|a Servicio en ln̕ea
|
| 260 |
|
|
|a Madrid :
|b Dykinson,
|c 2009
|
| 300 |
|
|
|a 125 p. ;
|c 21 cm
|
| 506 |
1 |
|
|a Contenido solo disponible en los productos indicados
|d vLex Global
|d vLex Global (Academic Edition, excluding Law Schools)
|d vLex Global (U.S. Academic Edition, Law Schools)
|d vLex Global (U.S. Academic Edition, excluding Law Schools)
|d vLex Global (Academic Edition, Law Schools)
|
| 650 |
0 |
4 |
|a Contratos
|z Espaą
|
| 650 |
0 |
4 |
|a Obligaciones (Derecho)
|z Espaą
|
| 700 |
1 |
|
|a Gascn̤ Inchausti, Fernando
|e coord.
|
| 700 |
1 |
|
|a Real Přez, Alicia,
|e coaut.
|
| 740 |
0 |
|
|a vLex Libros (Servicios en ln̕ea)
|
| 856 |
4 |
0 |
|u http://vlex.com/source/4790
|z Acceso restringido
|
| 942 |
|
|
|c BOOK
|
| 999 |
0 |
|
|a Law
|b Madrid
|